Medline on SilverPlatter 1986
Gardado en:
| Formato: | Libro |
|---|---|
| Idioma: | Undetermined |
| Publicado: |
Norwood, Md.
SilverPlatter Information Inc.
1996
|
| Những chủ đề: | |
| Các nhãn: |
Engadir etiqueta
Sen Etiquetas, Sexa o primeiro en etiquetar este rexistro!
|
| Thư viện lưu trữ: | Trung tâm Học liệu Trường Đại học Cần Thơ |
|---|
| LEADER | 00509nam a2200181Ia 4500 | ||
|---|---|---|---|
| 001 | CTU_238130 | ||
| 008 | 210402s9999 xx 000 0 und d | ||
| 082 | |a 610 | ||
| 082 | |b M491 | ||
| 245 | 0 | |a Medline on SilverPlatter 1986 | |
| 245 | 0 | |c National Library of Medicine | |
| 260 | |a Norwood, Md. | ||
| 260 | |b SilverPlatter Information Inc. | ||
| 260 | |c 1996 | ||
| 650 | |a Y học,Medicine | ||
| 650 | |x Tóm tắt,Abstracts | ||
| 910 | |b nthai | ||
| 980 | |a Trung tâm Học liệu Trường Đại học Cần Thơ | ||